000 00761nam a2200229 i 4500
003 DO-SdBNP
005 20250205120324.0
007 ta
008 230828e1963 dr a|||| |||| 00| 0 spa d
040 _aDO-SdBNP
_bspa
_cBNPHU
_erda
082 4 _axxx
_bR426a
_222
110 1 _aRepública Dominicana.
_bSecretaría de Estado de Educación, Bellas Artes y Cultos
_923965
245 1 0 _aA cuidar la salud :
_bcartilla no. 1 (segundo nivel) /
264 1 _aSanto Domingo :
_bEditora Del Caribe,
_c1963.
300 _a31 páginas :
_bIlustraciones ;
_c20 cm.
336 _atexto
_btxt
_2rdacontent
337 _asin medición
_bn
_2rdamedia
338 _avolumen
_bnc
_2rdacarrier
500 _aIncluye vocabulario
590 _aInventariado 2023 / MF
942 _2ddc
_cLF2
999 _c54567
_d54567